| Tag |
First Indicator |
Second Indicator |
Subfields |
| LEADER |
00000cam a2200000 a 4500 |
| 001 |
in00000014382 |
| 005 |
20151007052212.0 |
| 008 |
870506s1986 cau b 11000 eng |
| 010 |
|
|
|a 86083371
|
| 020 |
|
|
|a 0940600099 (pbk.)
|
| 035 |
|
|
|a (OCoLC)16227983
|
| 035 |
|
|
|9 AAA6748AM
|
| 040 |
|
|
|a DLC
|c DLC
|d OCL
|d TXA
|d UtOrBLW
|
| 049 |
|
|
|a TXAM
|c [A11034263]
|
| 050 |
0 |
0 |
|a QA279.7
|b .A33 1986
|
| 082 |
0 |
|
|a 519.5
|2 19
|
| 245 |
0 |
0 |
|a Adaptive statistical procedures and related topics :
|b proceedings of a symposium in honor of Herbert Robbins, June 7-11, 1985, Brookhaven National Laboratory, Upton, New York /
|c edited by John Van Ryzin.
|
| 264 |
|
1 |
|a Hayward, Calif. :
|b Institute of Mathematical Statistics,
|c [1986]
|
| 264 |
|
4 |
|c ©1986
|
| 300 |
|
|
|a ix, 476 pages ;
|c 26 cm.
|
| 336 |
|
|
|a text
|b txt
|2 rdacontent
|
| 337 |
|
|
|a unmediated
|b n
|2 rdamedia
|
| 338 |
|
|
|a volume
|b nc
|2 rdacarrier
|
| 490 |
1 |
|
|a Lecture notes-monograph series ;
|v v. 8
|
| 504 |
|
|
|a Includes bibliographies.
|
| 650 |
|
0 |
|a Sequential analysis
|x Congresses.
|
| 650 |
|
0 |
|a Bayesian statistical decision theory
|v Congresses.
|
| 650 |
|
0 |
|a Stochastic approximation
|x Congresses.
|
| 650 |
|
0 |
|a Mathematical statistics
|v Congresses.
|
| 650 |
|
0 |
|a Probabilities
|v Congresses.
|
| 600 |
1 |
0 |
|a Robbins, Herbert
|x Congresses.
|
| 700 |
1 |
|
|a Robbins, Herbert.
|
| 700 |
1 |
|
|a Van Ryzin, John,
|d 1935-1987.
|
| 710 |
2 |
|
|a Institute of Mathematical Statistics.
|
| 830 |
|
0 |
|a Lecture notes-monograph series ;
|v v. 8.
|
| 999 |
|
|
|a MARS
|
| 999 |
f |
f |
|s 836bb5d7-29b5-3894-ba74-9f4f7925d411
|i 062312e2-53b4-3aa6-9315-693aeb69d9b3
|t 0
|
| 952 |
f |
f |
|p ric
|a Texas A&M University
|b Rellis Campus
|c Joint Library Facility
|d Remote Storage
|t 0
|e QA279.7 .A33 1986
|h Library of Congress classification
|i unmediated -- volume
|m A14811034263
|
| 998 |
f |
f |
|a QA279.7 .A33 1986
|t 0
|l Remote Storage
|